000 01275nam a22003497a 4500
003 CHAP
005 20220329135435.0
008 971013s1966 r 00010 d
010 _a36527
011 _a37499
035 _a41619
040 _cCHAP
082 _a719.32
_bO7
100 0 0 _aOrtega Cid del Prado, Humberto.
_983781
245 _aParque nacional Nevado de Toluca ; proyecto de recuperación
260 _a(Toluca, Méx.) :
_bDirección de Agricultura y Ganadería,
_c1966
300 _a98 p.
_b: ilus. ; gráfs. ; mapas
590 _aBATCH-UPD
_b10
_c20130110
_lUCH01
_h0007
590 _aBATCH-UPD
_b10
_c20130110
_lUCH01
_h1432
590 _aBATCH-UPD
_b10
_c20130410
_lUCH01
_h0908
590 _aBATCH-UPD
_b10
_c20130914
_lUCH01
_h1612
590 _aCONVERSION
_b10
_c20130109
_lUCH01
_h1320
650 1 4 _aParque Nacional Nevado de Toluca, Méx.
_985687
650 1 4 _aTierras
_xRecuperación de.
_9113120
700 0 _aDíaz Calero, Juan Manuel.
_933391
700 0 _aFlores M., Mario.
_941616
901 _aBK
942 _cLIBRO
949 _a719.32 O7
_bBC
_cLIBRO
_d-95569
_eLIBRO
_h35382
_i41619
_si
949 _a719.32 O7
_bBC
_cLIBRO
_d33724000134144
_eLIBRO
_fc.3
_h44350
_i41619
_si
949 _a719.32 O7
_bBC
_cLIBRO
_d33724000134151
_eLIBRO
_fc.2
_h30936
_i41619
_si
999 _c36527
_d36527